Islamabad, the birth of a capital / (Record no. 522672)

000 -LEADER
fixed length control field 01440cam a2200349 a 4500
001 - CONTROL NUMBER
control field 12634304
003 - CONTROL NUMBER IDENTIFIER
control field NUST
005 - DATE AND TIME OF LATEST TRANSACTION
control field 20181229055146.0
008 - FIXED-LENGTH DATA ELEMENTS--GENERAL INFORMATION
fixed length control field 011205s2001 pk ab 001 0 eng
010 ## - LIBRARY OF CONGRESS CONTROL NUMBER
LC control number 2001310612
020 ## - INTERNATIONAL STANDARD BOOK NUMBER
International Standard Book Number 0195795334
025 ## - OVERSEAS ACQUISITION NUMBER
Overseas acquisition number P-E-2001310612; 07; 12
035 ## - SYSTEM CONTROL NUMBER
System control number (DLC) 2001310612
038 ## - RECORD CONTENT LICENSOR
Staff Name waseem
040 ## - CATALOGING SOURCE
Original cataloging agency DLC
Transcribing agency DLC
Modifying agency DLC
042 ## - AUTHENTICATION CODE
Authentication code lcode
043 ## - GEOGRAPHIC AREA CODE
Geographic area code a-pk---
050 00 - LIBRARY OF CONGRESS CALL NUMBER
Classification number HT169.P3
Item number Y34 2001
082 00 - DEWEY DECIMAL CLASSIFICATION NUMBER
Classification number 307.121609
Author Mark YAK
100 1# - MAIN ENTRY--PERSONAL NAME
Personal name Yakas, Orestes,
Dates associated with a name 1920-
9 (RLIN) 12798
245 10 - TITLE STATEMENT
Title Islamabad, the birth of a capital /
Statement of responsibility, etc. Orestes Yakas.
260 ## - PUBLICATION, DISTRIBUTION, ETC.
Place of publication, distribution, etc. Karachi :
Name of publisher, distributor, etc. Oxford University Press,
Date of publication, distribution, etc. 2001.
300 ## - PHYSICAL DESCRIPTION
Extent xiv, 162 p. :
Other physical details ill. map ;
Dimensions 2001.
500 ## - GENERAL NOTE
General note Includes index.
505 8# - FORMATTED CONTENTS NOTE
Formatted contents note Machine generated contents note: 1. The Need for a new Capital in Pakistan -- 2. The Selection of the Location -- 3. The Selection of the Specific Site -- 4. The Master Plan -- 5. The Programmes -- 6. The Implementation -- 7. The Attitude of the People.
650 #0 - SUBJECT ADDED ENTRY--TOPICAL TERM
Topical term or geographic name entry element City planning
Geographic subdivision Pakistan
-- Islāmābād.
9 (RLIN) 12799
856 41 - ELECTRONIC LOCATION AND ACCESS
Materials specified Table of contents only
Uniform Resource Identifier <a href="http://www.loc.gov/catdir/toc/fy02/2001310612.html">http://www.loc.gov/catdir/toc/fy02/2001310612.html</a>
856 42 - ELECTRONIC LOCATION AND ACCESS
Materials specified Publisher description
Uniform Resource Identifier <a href="http://www.loc.gov/catdir/enhancements/fy0611/2001310612-d.html">http://www.loc.gov/catdir/enhancements/fy0611/2001310612-d.html</a>
906 ## - LOCAL DATA ELEMENT F, LDF (RLIN)
a 7
b cbc
c origode
d 3
e ncip
f 20
g y-gencatlg
942 ## - ADDED ENTRY ELEMENTS (KOHA)
Source of classification or shelving scheme
Koha item type Book
Holdings
Withdrawn status Lost status Source of classification or shelving scheme Damaged status Not for loan Collection code Permanent Location Current Location Shelving location Date acquired Source of acquisition Total Checkouts Full call number Barcode Date last seen Date last checked out Price effective from Koha item type
            Central Library (CL) Central Library (CL) Book Cart 12/29/2018 Donation 3 307.121609 YAK CL-D-226 03/21/2023 02/03/2023 12/29/2018 Book
© 2023 Central Library, National University of Sciences and Technology. All Rights Reserved.